Loading...
History - European History | 0 | 5 | 0 | 0 | 50 | 71 | 88.40 | 2 | 2 |
History - World History | 0 | 3 | 0 | 0 | 30 | 51 | 74.67 | 0 | 1 |
Literature - American Literature | 0 | 3 | 0 | 0 | 30 | 48 | 54.67 | 1 | 3 |
Philosophy | 0 | 3 | 1 | 1 | 25 | 58 | 92.67 | 0 | 2 |
Literature - World/Other Literature | 0 | 3 | 1 | 0 | 25 | 44 | 80.67 | 1 | 2 |
Social Science | 0 | 2 | 0 | 0 | 20 | 87 | 90.50 | 0 | 0 |
Fine Arts - Visual Fine Arts | 0 | 2 | 0 | 0 | 20 | 76 | 92.00 | 0 | 1 |
History - Other History | 0 | 2 | 1 | 1 | 15 | 83 | 95.00 | 0 | 0 |
Fine Arts - Other Fine Arts | 0 | 2 | 1 | 0 | 15 | 81 | 89.00 | 0 | 2 |
Religion | 0 | 2 | 1 | 0 | 15 | 75 | 100.00 | 0 | 1 |
Fine Arts - Classical Music | 0 | 1 | 0 | 0 | 10 | 36 | 36.00 | 0 | 1 |
Geography/Current Events | 0 | 1 | 0 | 0 | 10 | 31 | 31.00 | 0 | 1 |
History - American History | 0 | 1 | 0 | 1 | 10 | 118 | 118.00 | 0 | 0 |
Science - Chemistry | 0 | 1 | 0 | 0 | 10 | 107 | 107.00 | 0 | 1 |
Science - Other Science | 0 | 1 | 0 | 0 | 10 | 77 | 77.00 | 1 | 1 |
Science - Physics | 0 | 1 | 0 | 0 | 10 | 101 | 101.00 | 0 | 1 |
Pop Culture | 0 | 1 | 0 | 0 | 10 | 77 | 77.00 | 0 | 1 |
Science - Biology | 0 | 1 | 0 | 0 | 10 | 51 | 51.00 | 1 | 1 |
Mythology | 0 | 1 | 1 | 0 | 5 | 115 | 115.00 | 0 | 0 |
Literature - British Literature | 0 | 1 | 1 | 0 | 5 | 93 | 93.00 | 0 | 1 |
Literature - European Literature | 0 | 1 | 1 | 0 | 5 | 88 | 88.00 | 0 | 1 |